| Registos Bibliográficos associados ao registo de autoridade |
|
Etiqueta de registo: 00000nkm 2200025 450 001 2273091 003 http://id.bnportugal.gov.pt/bib/catbnp/2273091 100 ## $a20260227d1989_ m y0pory01030103ba 101 0# $apor 102 ## $aPT 200 1# $aIII Encontro Internacional de Cicloturismo, Sesimbra-Sudoeste alentejano-Algarve,
29-30 de abril - 1 de maio-89 $bVisual gráfico]$fNúcleo Cicloturista de Sesimbra 210 #9 $aSesimbra$cNúcleo Cicloturista de Sesimbra,$d1989 215 ## $a1 cartaz$ccolor.$d42,6x30,4 cm 317 ## $aColeção Madeira Luís 710 12 $aEncontro Internacional de Cicloturismo,$d3,$eSesimbra,$f1989$31987904 712 02 $aNúcleo Cicloturista de Sesimbra$31393275 801 #0 $aPT$bBN$gRPC 966 ## $lBN$mICONOG$sCT. 15194 V.$x3 971 ## $cCaticonografia9$d20260227 972 ## $d20260302 $e0$vmferro$z0 995 ## $aPRR2026
|
|
|